| 000 | 02190cam a2200553 i 4500 | ||
|---|---|---|---|
| 001 | 2539745 | ||
| 005 | 20210910101657.0 | ||
| 008 | 071103s2008 nyu 000 1 eng d | ||
| 010 | _a 2008577343 | ||
| 020 |
_a9780515144598 (pbk.) : _c$7.99 |
||
| 020 |
_a0515144592 (pbk.) : _c$7.99 |
||
| 035 | _a(OCoLC)ocn180754905 | ||
| 035 | _a1125937 | ||
| 035 | _a1830594 | ||
| 035 | _a1830594 | ||
| 040 |
_aBTCTA _beng _cBTCTA _dBAKER _dWIM _dMR0 _dOCLCQ _dUPZ _dYDXCP _dP@N _dOCLCQ _dCQU _dCIB _dKL8 _dDLC _dNMM _dLF3 _dTXBXL _dCNLNB _dOCLCQ _dBDX _dEZB _dIJ5 _erda |
||
| 043 | _an-us-md | ||
| 049 | _aIGAA | ||
| 050 | 1 | 4 |
_aPS3568.O243 _bH653 2008 |
| 082 | 0 | 4 |
_a813.54 _222 |
| 092 | _aF | ||
| 100 | 1 |
_aRoberts, Nora. _921076 _eauthor |
|
| 245 | 1 | 4 |
_aThe Hollow / _cNora Roberts. |
| 260 |
_aNew York : _bJove Books, _c2008. |
||
| 264 | 1 |
_aNew York : _bJove Books, _c2008. |
|
| 300 |
_a325 p. ; _c18 cm. |
||
| 336 | _atext | ||
| 337 | _aunmediated | ||
| 338 | _avolume | ||
| 490 | 1 |
_aThe sign of seven trilogy ; _vbk. 2 |
|
| 500 | _aIncludes preview of The pagan stone. | ||
| 520 | _aAs the madness, which happens for seven days every seven years, prepares to descend upon the town of Hawkins Hollow, three men bound by blood and three woman bound by ancestry to a demon join forces to stop the terror from beginning again. | ||
| 650 | 0 |
_aTelepathy _vFiction. _95673928 |
|
| 650 | 0 |
_aSpiritual warfare _vFiction. _95763549 |
|
| 650 | 0 |
_aFriendship _vFiction. _95673769 |
|
| 650 | 0 |
_aBlessing and cursing _vFiction. _95675732 |
|
| 650 | 7 |
_aRomantic suspense fiction. _2gsafd _95676027 |
|
| 650 | 7 |
_aFICTION / Romance / Contemporary _2bisacsh _95679126 |
|
| 650 | 7 |
_aFICTION / Romance / Paranormal _2bisacsh _95711456 |
|
| 650 | 7 |
_aFICTION / Romance / Suspense _2bisacsh _95699112 |
|
| 651 | 0 |
_aMaryland _vFiction. _95704166 |
|
| 655 | 7 |
_aParanormal fiction _95674233 |
|
| 655 | 7 |
_aLove stories. _2gsafd _9102729 |
|
| 655 | 7 |
_aParanormal fiction _2gsafd _95674233 |
|
| 787 | 0 |
_nOCLC Work Id _ohttp://worldcat.org/entity/work/id/4417307383 |
|
| 800 | 1 |
_aRoberts, Nora. _tSign of seven trilogy ; _vbk. 2. _974593 |
|
| 942 |
_2ddc _cBOOK |
||
| 999 |
_c246985 _d246985 |
||
| 999 | _bF | ||